000 00335nam a22001457a 4500
008 210426b ||||| |||| 00| 0 eng d
020 _a9780759101487
041 _aeng
080 _23rd
_a591
082 _a591
100 _a24
101 _aANT
245 _aResearch Methods in Anthropology
_cH. Russell Bernard
942 _2udc
_cBK
999 _c56795
_d56795